God's covenant for your family. (Record no. 14581)

000 -LEADER
fixed length control field 00721nam a2200205 a 4500
001 - CONTROL NUMBER
control field :::00012413$&:&@@
003 - CONTROL NUMBER IDENTIFIER
control field OkBaRHE
005 - DATE AND TIME OF LATEST TRANSACTION
control field 20000607103419.0
008 - FIXED-LENGTH DATA ELEMENTS--GENERAL INFORMATION
fixed length control field s1982 j 000 0 eng u
040 ## - CATALOGING SOURCE
Transcribing agency
100 1# - MAIN ENTRY--PERSONAL NAME
Personal name Hickey, Marilyn.
245 10 - TITLE STATEMENT
Title God's covenant for your family.
260 ## - PUBLICATION, DISTRIBUTION, ETC. (IMPRINT)
Place of publication, distribution, etc Tulsa, OK., :
Name of publisher, distributor, etc Harrison House
Date of publication, distribution, etc c1982
300 ## - PHYSICAL DESCRIPTION
Extent 140 p. ;
Dimensions 19 cm.
650 ## - SUBJECT ADDED ENTRY--TOPICAL TERM
Topical term or geographic name as entry element Family
942 ## - ADDED ENTRY ELEMENTS (KOHA)
Source of classification or shelving scheme
Koha item type Books
Copies
Not for loan Lost status Damaged status Date last seen Koha item type Source of classification or shelving scheme Withdrawn status Permanent Location Shelving location Copy number Date acquired Barcode Price effective from Full call number
   2010-04-14Books  RHEMA Bible Training CollegeGeneral Stacks12010-04-14124132010-04-14HQ 728 .H5
   2010-04-14Books  RHEMA Bible Training CollegeGeneral Stacks22010-04-14153862010-04-14HQ 728 .H5
   2010-04-14Books  RHEMA Bible Training CollegeGeneral Stacks32010-04-14153872010-04-14HQ 728 .H5